00265nam a2200121Ia 45000030006000000080041000060400015000471000011000622450032000732600009001055460012001140050017001260STCL150530s9999 xx 000 0 und d aSTCLcSTCL aDobson aPrior park and other papers c1925 aEnglish20220125171140.0